Paljasta valtioiden muotoja - Statistics

Yleistilastot
  • Tätä visaa on pelattu 276 kertaa
  • Keskiarvotulos 8 / 16
Vastaukset kartalla
Vastauksille on annettu kartalla punavihreä väri sen mukaan, kuinka moni on saanut sen oikein.
 
Vastaustilastot
Vastaus % Oikein
Uusi-Seelanti
91%
Norja
80%
Israel
63%
Albania
57%
Libya
52%
Kuuba
40%
Marokko
40%
Itävalta
39%
Pakistan
39%
Mali
38%
Myanmar
38%
Tunisia
38%
Vietnam
38%
Argentiina
35%
Ruotsi
35%
Panama
31%
Ehtoja vastaavia visoja ei löytynyt
Tulosjakauma
Jokaisen tuloksen saaneiden osuus
Persentiili vastausten määrän mukaan
Tuloshistoriasi
Et ole pelannut tätä visaa